Everyday Resistance, Peacebuilding and State-making (Record no. 18759)
[ view plain ]
| 000 -LEADER | |
|---|---|
| fixed length control field | 00701nam a2200121Ia 4500 |
| 008 - FIXED-LENGTH DATA ELEMENTS--GENERAL INFORMATION | |
| fixed length control field | 220615s9999||||xx |||||||||||||| ||und|| |
| 100 ## - MAIN ENTRY--PERSONAL NAME | |
| Personal name | Iñiguez de Heredia, Marta |
| 245 #0 - TITLE STATEMENT | |
| Title | Everyday Resistance, Peacebuilding and State-making |
| Remainder of title | Insights from 'Africa's World War' |
| 546 ## - LANGUAGE NOTE | |
| Language note | English[eng] |
| 650 ## - SUBJECT ADDED ENTRY--TOPICAL TERM | |
| Topical term or geographic name entry element | Political Science||International Relations||Peace Studies||Conflict Resolution||African Politics||War Crimes||Mai-Mai||MONUSCO||Peacebuilding||United Nations |
| 856 ## - ELECTRONIC LOCATION AND ACCESS | |
| Uniform Resource Identifier | <a href="https://library.oapen.org/bitstream/20.500.12657/31405/1/628403.pdf||https://library.oapen.org/bitstream/20.500.12657/31405/1/628403.pdf||https://library.oapen.org/bitstream/20.500.12657/31405/1/628403.pdf">https://library.oapen.org/bitstream/20.500.12657/31405/1/628403.pdf||https://library.oapen.org/bitstream/20.500.12657/31405/1/628403.pdf||https://library.oapen.org/bitstream/20.500.12657/31405/1/628403.pdf</a> |
| 942 ## - ADDED ENTRY ELEMENTS (KOHA) | |
| Koha item type | E-Books |
| Withdrawn status | Lost status | Damaged status | Not for loan | Home library | Current library | Date acquired | Total Checkouts | Date last seen | Price effective from | Koha item type |
|---|---|---|---|---|---|---|---|---|---|---|
| Kerala University of Digital Sciences, Innovation and Technology Knowledge Centre | Kerala University of Digital Sciences, Innovation and Technology Knowledge Centre | 15/06/2022 | 15/06/2022 | 15/06/2022 | E-Books |